000 00879nam a2200217 a 4500
005 20161015083920.0
008 140312s2001 ck ab gr|||| 000 0 spa d
020 _a9587010892
040 _aCO-BoIAVH
_cCO-BoIAVH
041 0 _aspa
044 _ack
082 0 4 _a342.0873
_bC82e
110 2 _bCorporación para el Desarrollo Sostenible del Sur de la Amazonia
245 1 0 _aEstudio y recuperación de prácticas culturales :
_b De manejo sostenible del bosque en zonas indígenas del sur de la Amazonía colombiana
260 _aBogotá :
_bCORPOAMAZONIA,
_c2001.
300 _a125 páginas :
_bIlustraciones (algunas a color), mapas ;
_c24 x 17 cm.
650 1 6 _aComunidades indígenas
_xCostumbres
_zColombia.
650 1 6 _aCostumbres y tradiciones
_yComunidades Indígenas
650 1 4 _aPrácticas culturales
_xRecuperación
942 _cLIBRO
_2ddc
999 _c3916
_d3916